000 00375nam a22001571a 4500
020 _a9788181439116
082 _aS 792.8
_bRAD/S
100 _aRadha Ballabh Tripathi
245 _aSankshiptnatyashastram/
_cby Radha Ballabh Tripathi
260 _aNew Delhi:
_bVani,
_c2006.
300 _a291p.
650 _aNatyasastra
650 _aDance
650 _aArts
942 _cBK
999 _c40344
_d40344